| 000 | 01369nam a22003495a 4500 | ||
|---|---|---|---|
| 999 |
_c27228 _d27199 |
||
| 003 | EG-ScBUE | ||
| 005 | 20190314104522.0 | ||
| 008 | 190311k20022001ua fr 000 0 ara d | ||
| 017 | _a2001 / 9007 (مج. 1) | ||
| 017 | _a2001 / 3021 (مج. 2) | ||
| 017 | _a2002 / 15030 (مج. 3) | ||
| 020 | _a9772010534 (pbk. : مج. 1) | ||
| 020 | _a9772010577 (مج. 2) | ||
| 020 | _a9772010674 (مج. 3) | ||
| 040 |
_aEG-ScBUE _bara _cEG-ScBUE _dEG-ScBUE |
||
| 041 | 1 |
_aara _heng |
|
| 082 | 0 | 4 |
_a327.20973 _bك ي س _222 |
| 100 | 1 |
_aكيسنجر، هنري _d1923-. |
|
| 240 | 1 |
_aDiplomacy. _lArabic |
|
| 245 | 1 | 2 |
_aالدبلوماسية / _cهنري كيسنجر ؛ تقديم محمد عبد المنعم ؛ ترجمة فوزي وفاء. |
| 260 |
_aالقاهرة : _bمؤسسة روز اليوسف، _c2001-2002. |
||
| 300 |
_a3 مج. ؛ _c24 سم. |
||
| 490 | 0 | _aكتاب الذهبي | |
| 546 | _aالنص باللغة العربية ؛ مترجم من اللغة الإنجليزية. | ||
| 650 | 7 |
_aالدبلوماسية. _2BUEsh |
|
| 650 | 7 |
_aالدبلوماسية _xتاريخ. _2BUEsh _916833 |
|
| 651 | 7 |
_aالولايات المتحدة الأمريكية _xعلاقات خارجية. _2BUEsh |
|
| 653 |
_bBUSBOL _cMarch2019 |
||
| 700 | 1 |
_aوفاء، فوزي، _eمترجم. |
|
| 700 | 1 |
_aعبد المنعم، محمد، _eمقدم. |
|
| 942 | _2ddc | ||